Quizzes
Events
Quiz Creation
Community
Videos
Private Events
Remove Ads
Sign In
Join for FREE
Feedback
Dark Mode
Quiz Categories
Sports
Geography
Music
Movies
Television
Just For Fun
Miscellaneous
History
Literature
Language
Science
Gaming
Entertainment
Religion
Holiday
For Kids
Quiz Lab
Recent
Popular Today
Quiz Kudos Today
Editor Picks
Curator Picks
Quizzes by...
Day
Popularity
Type
Ratings
Length
Year
Community
Subscriptions
Recent Discussions
Orange Saloon
Badges
Playlists
Quests
Create
Leaderboards
Showdown
Live 5
Trivia Bingo
Activity
Puzzle Library
Sporcle Events
Private Events
Virtual Trivia
Globe League
Become a Host
Pub Owners
SporcleCon
Opinionation
Our Games
Videos
Blog
Mobile Apps
Partnerships
Remove Ads and Go Orange
Feedback
Gaming
Video Games
Board Games
Card Games
Pokémon
Mario
Nintendo
Minecraft
Console
Toys
Legend of Zelda
Gaming
Video Games
Board Games
Card Games
Pokémon
Mario
Nintendo
Minecraft
Console
Toys
Legend of Zelda
Random Quiz
Search Sporcle
×
Quiz Lab
Quiz Lab
Gaming
Mortal Kombat
Type in answers that appear in a list
Type in answers that appear in a list
Classic
Best Score? Go Orange.
Name the classic MK characters (MK1, MK2, MK3, & UMK3) Stats
Can you name the classic Mortal Kombat characters (MK1, MK2, MK3, & UMK3)?
By
Sheeva
3m
31 Questions
542 Plays
542 Plays
542 Plays
Comments
Comments
Give Quiz Kudos
Give Quiz Kudos
-
- Ratings
hide this ad
Replay
Link that replays current quiz
Next Quiz
Link to next quiz in quiz playlist
You Got
0%
They Got
Avg Score
77%
Avg Friend Score
Upgrade to see
Score Distribution
Jump to the score distribution portion of the page
Score
0/31
Timer
03:00
0
Plays Today
Mortal Kombat 1
% Correct
Scorpion
95%
Sub-Zero
94.8%
Sonya
91.5%
Johnny Cage
89.3%
Liu Kang
89.1%
Reptile
89.1%
Raiden
87.2%
Goro
85.4%
Kitana
84.3%
Shang Tsung
84.1%
Mileena
83.4%
Kano
82.6%
Smoke
82.3%
Jax
81%
Jade
79.7%
Ermac
78.6%
Mortal Kombat 1
% Correct
Shao Kahn
78%
Cyrax
77.6%
Noob Saibot
75.8%
Rain
74.3%
Sektor
73.9%
Kung Lao
73.8%
Sindel
71.5%
Kintaro
70.8%
Baraka
70.2%
Sheeva
68.6%
Stryker
66.9%
Kabal
64.3%
Motaro
60.4%
Nightwolf
58%
Chameleon
44.9%
Quiz Playlist
Details
Report
Send in Message
Add To Playlist
Classic:
Type in answers that appear in a list
Last Updated: Feb 16, 2017
Quiz Scoreboard
CHALLENGE
Sign Up to Join the Scoreboard
Show All
Scores
Hide
Comments
May contain spoilers
Recently Published
An Introduction to Baseball
by treessimontrees
Sports
5m
Movies - When Are They Set?
by FPL_Elf
Movies
5m
Popular People in 1961
by mucciniale
History
6m
More to Explore
Quiz From the Vault
Featured Blog Post
Where Did the Easter Bunny Come From?
hide this ad
You Might Also Like...
Tags
Mortal Kombat
Today's Top Quizzes in Gaming
Browse Gaming
hide this ad
Today's Top Quizzes in Mortal Kombat
Browse Mortal Kombat
Top Contributed Quizzes in Gaming
1
Destiny 2 exotic weapons by perk icons
2
Ultimate Genshin Impact Logic Puzzle (up to 4.3)
3
5-to-1: Consoles
4
Genshin Impact Logic Puzzle Quiz
5
Franchise by Action Figure
6
Who's on the WWE 2K24 Cover?
7
Windmill: Pokémon
8
Legendary or Exotic?
9
Overwatch 2: Ultimate Ability Icons
10
5-to-1: Legend of Zelda
Explore More
Trending Topics
Crossword
Kpop
Harry Potter
Marvel
Disney
NBA
Anime
The Office
Soccer
WWE
Puzzle
Pokémon
Song
Country
NFL
hide this ad
More By:
Sheeva
Quiz
Plays
Rating
Category
Featured
Created
Name the classic MK characters (MK1, MK2, MK3, & UMK3)
542
4.50
Gaming
May 3, 2011
Go to Creator's Profile
Score Distribution
Quiz Creator Spotlight
Sheeva
Follow
Send a Message
Quizzes Created
-
Created Quiz Play Count
-
More By This Creator
Popular Quizzes Today
1
Find the Countries of Europe - No Outlines Minefield
2
Find the US States - No Outlines Minefield
3
The Countries of the World
4
Popular People in 1961
5
US States
6
1-10 Letter E Words III
7
Find the US States
8
Risky Map Clicking: Biggest States A-Z
More Gaming Quizzes
Guess the League of Legends Champion By Quote
Quiz Lab
Trending Quizzes
Risky Map Clicking: Least Populous States A-Z
1-10 Letter F Words
1-10 Letter G Words
One Thing in Common: United Kingdom
Risky Map Clicking: Next State Alphabetically
Recently Updated
Leaping Animals
pecheneg
Reality TV Shows (A-Z)
bhenderson79
Rickey Henderson's Hall of Fame Teammates
pecheneg
Champions League XIs: Arsenal
pecheneg
Quick Pick: Celebrities in WWE's Hall of Fame
aduchscher
A-Z Keypad Blitz II
pecheneg
Multiple Oscar Actors
pecheneg
Mystery Phrase Blitz: Oscar 'Best Actors'
pecheneg
F. Scott Fitzgerald Novels
LTH
Pick 3 Villains
ddd62291
Trending Topics
Harry Potter
Anime
NBA
Marvel
Crossword
Kpop
Disney
Song
Country
NFL
Puzzle
Pokémon
Soccer
The Office
WWE
Your Account Isn't Verified!
In order to create a playlist on Sporcle, you need to verify the email address you used during registration. Go to your
Sporcle Settings
to finish the process.
Report this User
Report this user for behavior that violates our
Community Guidelines
.
Details:
Send Report
Go to the Sporcle.com Mobile Site →
Comments